| 000 | 01408cam a22002771i 4500 | ||
|---|---|---|---|
| 003 | SA-RiAUC | ||
| 005 | 20241028140819.0 | ||
| 008 | 241027s2004 jo g 000 0 ara c | ||
| 040 |
_aJO-IrYU _bara _cSA-RiAUC _erda |
||
| 050 | 1 | 4 | _bB37 2004 |
| 082 | 0 | 4 | _a210.2 |
| 090 |
_a210.2 _b ع ب د |
||
| 100 | 1 |
_aعبد الله باسودان، عبد الله بن أحمد بن عبد الله، _d1178-1266 هجري _eمؤلف. |
|
| 245 | 1 | 2 |
_aالأنوار اللامعة والتتمات الواسعة للرسالة الجامعة والتذكرة النافعة / _cعبد الله بن أحمد باسودان الكندي الحضرمي ؛ تحقيق محمد أبو بكر عبد الله باذيب. |
| 264 | 1 |
_aعمان، الأردن : _bدار الفتح، _c2004 |
|
| 300 |
_a772 صفحة ؛ _c24 سم |
||
| 336 |
_aنص _btxt _2rdacontent _3كتاب |
||
| 337 |
_aبدون وسيط _bn _2rdamedia |
||
| 338 |
_aمجلد _bnc _2rdacarrier |
||
| 650 | 7 |
_aالإسلام _vمتفرقات _2aucsh |
|
| 700 | 1 |
_aباذيب، محمد بن أبي بكر بن عبد الله _eمحقق. |
|
| 700 | 0 | 2 |
_aأحمد بن زين بن علوي العلوي، _d1069-1145 هجري. _tالرسالة الجامعة والتذكرة النافعة |
| 740 | 2 | 2 | _aالرسالة الجامعة والتذكرة النافعة. |
| 942 |
_2ddc _cBOOK _n0 |
||
| 949 |
_aSA-JeALM _d241027 _umohamedma123 _n1 |
||
| 999 |
_c1825 _d1825 |
||